000 00386nam a2200157Ia 4500
008 230524s9999 xx 000 0 und d
082 _a4
_bNEL
100 _aKay Yarborough Nelson
_917391
245 0 _aWindows Tips and Tricks
250 _a1ST
260 _aNEW DELHI
_bPustak Mahal
_c1995
300 _aXIII;280
500 _aQuantity Number: 1
650 _aComp-Sc
942 _cBK
999 _c26244
_d26244